00481nam a2200145Ia 4500008004100000245010400041260001700145260000900162300000800171650002300179650001200202856002900214999001900243952007300262170516s9999 xx 000 0 und d a18F-DPA-714 PET Imaging for Detecting Neuroinflammation in Rats with Chronic Hepatic Encephalopathy bTheranostics c2016 a6:8 xMedical Technology xMedtech uhttp://www.thno.org/v6i8 c329892d329892 001040aCLbCLd2017-05-16l0r2017-05-16 00:00:00w2017-05-16yFOJ